000 00369nam a2200145 i 4500
001 bg
100 1 _aBURSA, Milan.
245 0 _aOsnovy kosmiceskoj geodezii.
_nC. 1,
_pDinamiceskaja kosmiceskaja geodezija /
_cM. Bursa.
260 _aMoskva,
_c1975.
040 _cBPK
041 _apol
080 _a528:52
942 _cKS
008 s pl f |000 0 pol
999 _c47017
_d47017
856 _uhttp://koha.tu.koszalin.pl/cgi-bin/koha/opac-detail.pl?biblionumber=47017
_yKatalog online BPK